01083cam a22002771 4500001001300000003000400013005001700017008004100034010001700075035001900092040006900111042001200180043001200192050001600204110004100220245025300261260002400514300002200538500001600560500005400576650003800630650003700668650002100705710003800726710004100764hew67000108 DLC20260227111516.0820217s1967 dcu f000 0 eng c ahew67000108  a(OCoLC)8161608 aU.S. Dept. of Health, Education, and Welfare. LibrarycGAuAdDLC apremarc an-us---00aL112b.A2641 aUnited States.bOffice of Education.10aExcellence in design,ba new potential on the American campus: the 1966 awards program,csponsored by Office of Education, U.S. Dept. of Health, Education, and Welfare, the American Institute of Architects [and] Educational Facilities Laboratories. a[Washington,c1967] aiv, 17 p.c22 cm. a"OE-51014." aIncludes five addresses and a list of the awards. 0aCollege buildingszUnited States. 0aArchitecturevDesigns and plans. 0aCampus planning.2 aAmerican Institute of Architects.2 aEducational Facilities Laboratories.